<?xml version="1.0" encoding="UTF-8"?>
<record
    xmlns:xsi="http://www.w3.org/2001/XMLSchema-instance"
    xsi:schemaLocation="http://www.loc.gov/MARC21/slim http://www.loc.gov/standards/marcxml/schema/MARC21slim.xsd"
    xmlns="http://www.loc.gov/MARC21/slim">

  <leader>00249nam a22001217a 4500</leader>
  <datafield tag="040" ind1=" " ind2=" ">
    <subfield code="c">HS</subfield>
  </datafield>
  <datafield tag="082" ind1=" " ind2=" ">
    <subfield code="a">531</subfield>
  </datafield>
  <datafield tag="100" ind1=" " ind2=" ">
    <subfield code="a">NA</subfield>
  </datafield>
  <datafield tag="245" ind1=" " ind2=" ">
    <subfield code="a">Principes et methodes de la vulgarisation agricole</subfield>
  </datafield>
  <datafield tag="260" ind1=" " ind2=" ">
    <subfield code="a">AIP</subfield>
    <subfield code="b">NA</subfield>
    <subfield code="c">1985</subfield>
  </datafield>
  <datafield tag="300" ind1=" " ind2=" ">
    <subfield code="a">178p;</subfield>
  </datafield>
  <datafield tag="942" ind1=" " ind2=" ">
    <subfield code="c">FB</subfield>
  </datafield>
  <datafield tag="999" ind1=" " ind2=" ">
    <subfield code="c">9501</subfield>
    <subfield code="d">9501</subfield>
  </datafield>
  <datafield tag="952" ind1=" " ind2=" ">
    <subfield code="0">0</subfield>
    <subfield code="1">0</subfield>
    <subfield code="4">0</subfield>
    <subfield code="6">531_000000000000000_NA_1985_C175</subfield>
    <subfield code="7">0</subfield>
    <subfield code="9">51493</subfield>
    <subfield code="a">LBC</subfield>
    <subfield code="b">LBC</subfield>
    <subfield code="c">C175</subfield>
    <subfield code="d">2016-09-02</subfield>
    <subfield code="o">531 NA 1985 C175</subfield>
    <subfield code="p">RUA045761</subfield>
    <subfield code="r">2016-10-14</subfield>
    <subfield code="y">FB</subfield>
  </datafield>
  <datafield tag="952" ind1=" " ind2=" ">
    <subfield code="0">0</subfield>
    <subfield code="1">0</subfield>
    <subfield code="4">0</subfield>
    <subfield code="6">531_000000000000000_NA_1985_C161</subfield>
    <subfield code="7">0</subfield>
    <subfield code="9">52302</subfield>
    <subfield code="a">LBC</subfield>
    <subfield code="b">LBC</subfield>
    <subfield code="c">C161</subfield>
    <subfield code="d">2016-09-19</subfield>
    <subfield code="o">531 NA 1985 C161</subfield>
    <subfield code="p">RUA045831</subfield>
    <subfield code="r">2016-10-12</subfield>
    <subfield code="y">FB</subfield>
  </datafield>
  <datafield tag="952" ind1=" " ind2=" ">
    <subfield code="0">0</subfield>
    <subfield code="1">0</subfield>
    <subfield code="4">0</subfield>
    <subfield code="6">531_000000000000000_NA_1985_C161</subfield>
    <subfield code="7">0</subfield>
    <subfield code="9">52304</subfield>
    <subfield code="a">LBC</subfield>
    <subfield code="b">LBC</subfield>
    <subfield code="c">C161</subfield>
    <subfield code="d">2016-09-19</subfield>
    <subfield code="o">531 NA 1985 C161</subfield>
    <subfield code="p">RUA045951</subfield>
    <subfield code="r">2016-10-12</subfield>
    <subfield code="y">FB</subfield>
  </datafield>
  <datafield tag="952" ind1=" " ind2=" ">
    <subfield code="0">0</subfield>
    <subfield code="1">0</subfield>
    <subfield code="4">0</subfield>
    <subfield code="6">531_000000000000000_NA_1985_C162</subfield>
    <subfield code="7">0</subfield>
    <subfield code="9">52305</subfield>
    <subfield code="a">LBC</subfield>
    <subfield code="b">LBC</subfield>
    <subfield code="c">C162</subfield>
    <subfield code="d">2016-09-19</subfield>
    <subfield code="o">531 NA 1985 C162</subfield>
    <subfield code="p">RUA045891</subfield>
    <subfield code="r">2016-10-12</subfield>
    <subfield code="y">FB</subfield>
  </datafield>
  <datafield tag="952" ind1=" " ind2=" ">
    <subfield code="0">0</subfield>
    <subfield code="1">0</subfield>
    <subfield code="4">0</subfield>
    <subfield code="6">531_000000000000000_NA_1985_C162</subfield>
    <subfield code="7">0</subfield>
    <subfield code="9">52343</subfield>
    <subfield code="a">LBC</subfield>
    <subfield code="b">LBC</subfield>
    <subfield code="c">C162</subfield>
    <subfield code="d">2016-09-19</subfield>
    <subfield code="o">531 NA 1985 C162</subfield>
    <subfield code="p">RUA045048</subfield>
    <subfield code="r">2016-10-12</subfield>
    <subfield code="y">FB</subfield>
  </datafield>
</record>
